| 000 | 00628nmm a2200169Ia 4500 | ||
|---|---|---|---|
| 008 | 251105s9999||||xx |||||||||||||||||und|| | ||
| 020 | _a9788481697698 | ||
| 041 | _aspa | ||
| 100 | _aLa Casa De La Biblia , La Casa De La Biblia- Hermandad De Sacerdotes Operarios Diocesanos Del Corazón De Jesús | ||
| 245 | 0 |
_aTú tienes palabras de vida. Ciclo A : _b Lectura creyente de los evangelios dominicales |
|
| 264 |
_a[Madrid, España] : _bEditorial Verbo Divino, _c2007 |
||
| 300 | _a392 páginas | ||
| 490 | _aPalabra y Vida | ||
| 650 | _aReligion(s) | ||
| 856 | _uhttps://public.digitaliapublishing.com/a/2432 | ||
| 942 | _cCF | ||
| 999 |
_c85981 _d85981 |
||